<?xml version="1.0" encoding="UTF-8"?>
<collection xmlns="http://www.loc.gov/MARC21/slim">
 <record>
  <leader>01458nam a22001697a 4500</leader>
  <controlfield tag="001">NCT_4_005116</controlfield>
  <controlfield tag="008">240229b        xxu||||| |||| 00| 0 vie d</controlfield>
  <datafield tag="999" ind1=" " ind2=" ">
   <subfield code="c">8137</subfield>
   <subfield code="d">8137</subfield>
  </datafield>
  <datafield tag="082" ind1="0" ind2="4">
   <subfield code="2">23rd ed.</subfield>
   <subfield code="a">615.1</subfield>
   <subfield code="b">V300D</subfield>
  </datafield>
  <datafield tag="245" ind1="0" ind2="0">
   <subfield code="a">Vidal 1999 Việt Nam</subfield>
  </datafield>
  <datafield tag="260" ind1=" " ind2=" ">
   <subfield code="a">Cà Mau</subfield>
   <subfield code="b">Mũi Cà Mau</subfield>
   <subfield code="c">1999</subfield>
  </datafield>
  <datafield tag="300" ind1=" " ind2=" ">
   <subfield code="a">642tr.</subfield>
   <subfield code="c">29 cm</subfield>
  </datafield>
  <datafield tag="520" ind1="3" ind2=" ">
   <subfield code="a">Nội dung sách chia thành 7 phần: Mục lục các dược phẩm lưu hành tại Việt Nam xếp theo hãng bào chế và công ty phân phối; Mục lục các dược phẩm xếp theo họ trị liệu giúp bạn tra cứu các biệt dược khi chỉ biết tên của hoạt chất chính; Mục lục các dược phẩm xếp theo họ trị liệu giúp bạn tra cứu các biệt dược khi chỉ biết họ trị liệu; Bài chuyên khảo và bài tóm tắt của các dược phẩm xếp theo thứ tự ABC; Nhóm cận dược phẩm; Phụ lục tương tác thuốc; Danh sách các sản phẩm và địa chỉ của các xí nghiệp và công ty Dược phẩm tham gia trong từ điển Vial Việt Nam 1999.</subfield>
  </datafield>
  <datafield tag="653" ind1=" " ind2=" ">
   <subfield code="a">Dược học</subfield>
  </datafield>
  <datafield tag="942" ind1=" " ind2=" ">
   <subfield code="2">ddc</subfield>
   <subfield code="c">BK</subfield>
  </datafield>
  <datafield tag="952" ind1=" " ind2=" ">
   <subfield code="0">0</subfield>
   <subfield code="1">0</subfield>
   <subfield code="2">ddc</subfield>
   <subfield code="4">0</subfield>
   <subfield code="6">615_100000000000000_V300D</subfield>
   <subfield code="7">0</subfield>
   <subfield code="9">28685</subfield>
   <subfield code="a">000001</subfield>
   <subfield code="b">000001</subfield>
   <subfield code="d">2024-02-29</subfield>
   <subfield code="o">615.1 V300D</subfield>
   <subfield code="p">MD.22310</subfield>
   <subfield code="r">2024-02-29</subfield>
   <subfield code="w">2024-02-29</subfield>
   <subfield code="y">BK</subfield>
  </datafield>
  <datafield tag="980" ind1=" " ind2=" ">
   <subfield code="a">Thư viện Trường Đại học Nam Cần Thơ</subfield>
  </datafield>
 </record>
</collection>
